|
|
|
|
| LEADER |
01196cas a2200205 a 4500 |
| 001 |
AALejournalIMF021284 |
| 008 |
230101c9999 xx r poo 0 0eng d |
| 020 |
|
|
|c 20.00 USD
|
| 020 |
|
|
|z 9781513557601
|
| 040 |
|
|
|a BD-DhAAL
|c BD-DhAAL
|
| 110 |
2 |
|
|a International Monetary Fund.
|b African Dept.
|
| 245 |
1 |
0 |
|a Regional Economic Outlook, October 2020, Sub-Saharan Africa :
|b A Difficult Road to Recovery.
|
| 264 |
|
1 |
|a Washington, D.C. :
|b International Monetary Fund,
|c 2020.
|
| 300 |
|
|
|a 1 online resource (32 pages)
|
| 500 |
|
|
|a <strong>Off-Campus Access:</strong> No User ID or Password Required
|
| 500 |
|
|
|a <strong>On-Campus Access:</strong> No User ID or Password Required
|
| 506 |
|
|
|a Electronic access restricted to authorized BRAC University faculty, staff and students
|
| 520 |
3 |
|
|a Sub-Saharan Africa is struggling to navigate an unprecedented health and economic crisis-one that, in just a few months, has jeopardized decades of hard-won development gains and upended the lives and livelihoods of millions.
|
| 538 |
|
|
|a Mode of access: Internet
|
| 856 |
4 |
0 |
|z Full text available on IMF
|u http://elibrary.imf.org/view/books/086/29358-9781513557601-en/29358-9781513557601-en-book.xml
|z IMF e-Library
|